Vista normal Vista MARC

Entrada Corporate Name

Número de registros utilizados en: 1

001 - CONTROL NUMBER

  • control field: 14094

003 - CONTROL NUMBER IDENTIFIER

  • control field: OSt

005 - DATE AND TIME OF LATEST TRANSACTION

  • control field: 20210228172443.0

008 - FIXED-LENGTH DATA ELEMENTS

  • fixed length control field: 210228|| aca||aabn | a|a d

040 ## - CATALOGING SOURCE

  • Original cataloging agency: OSt
  • Transcribing agency: OSt

110 ## - HEADING--CORPORATE NAME

  • Corporate name or jurisdiction name as entry element: Instituto Universitario de Estudios del Desarrollo

670 ## - SOURCE DATA FOUND

  • Source citation: Work cat.: (OSt)0: Encuentro Colombia hacia la paz (4o. : 2002 feb. 7-9 : Ginebra, Suiza) 14085, El futuro de la descentralización : , 2003.